000 00679nam a2200157 i 4500
001 187518
003 ES-MaACL
005 20230906222941.0
008 171023q1926 sp |||| | spa d
110 2 _aCírculo de la Unión Mercantil e Industrial (Madrid)
_92827
245 1 0 _aMemoria presentada por la Junta de Gobierno a la general ordinaria de señores socios el día 27 de abril de 1926 /
_cCírculo de la Unión Mercantil e Industrial.
260 _aMadrid :
_b[s.n.],
_c[1926?] (
_fTip.-lit. José Poveda Ramírez)
300 _a103 p. ;
_c27 cm.
610 2 4 _aCírculo de la Unión Mercantil e Industrial (Madrid)-
_vMemorias.
_9150706
852 _aES-MaACL
_j1570-F-1 bis
999 _c187518
_d187518